00557nam a22002057a 450000500170000001000130001702000220003003500130005203700170006504000120008208200130009410000270010724500630013426000370019727000390023430000240027350000190029765000200031665000150033620170124110057.0 aB-019697 c00.00a8187317566 aB-019697 bCen Lib/ Ret aDPLbEN a613bCHA aChatterjee, Gitanjali  aHealth, Nutrition and diseases /cby Gitanjali Chatterjee  aDelhibRajat publications c2000 a4/32, Geeta colonyb Delhie110031 avi,289p. c21cm(Hb) aIncludes index aHealth science  aNutrition